000 00681cam a22002413a 4500
001 31414
003 PGUSA
005 20140828083659.0
008 100227s2010||||xxu|||||s|||||000 1 eng d
040 _aPGUSA
_beng
042 _adc
050 4 _aPR
100 1 _aRobinson, Harry Perry,
_d1859-1930
245 1 0 _aBear Brownie :
_bThe Life of a Bear
_h[electronic resource] /
_cHarry Perry Robinson
260 _bProject Gutenberg,
_c2010
506 _aPublic domain in the USA.
516 _aElectronic text
653 _aBears -- Fiction
700 1 _aFielding, Jane
830 0 _aProject Gutenberg
_v31414
856 4 0 _uhttp://www.gutenberg.org/ebooks/31414
942 _cEB
999 _c260669
_d260669